000 00414nam a2200157Ia 4500
008 260407s2025 xx 000 0 und d
041 _aeng
082 _a547/BAL
_b12330
100 _aARUN BAHL
245 _aA TEXT BOOK OF ORGANIC CHEMISTRY
260 _aMUMBAI
_bS.CHAND AND COMPANY LTD
_c2025
300 _a1087p
650 _aORGANIC CHEMISTRY
650 _aPHARMACEUTICAL CHEMISTRY
700 _aB.S.BAHL
999 _c1219822
_d1219822